White clover (Record no. 12107)

MARC details
000 -LEADER
fixed length control field 00941cam a2200265 4500
001 - CONTROL NUMBER
control field agr66000279
003 - CONTROL NUMBER IDENTIFIER
control field DLC
005 - DATE AND TIME OF LATEST TRANSACTION
control field 20260227111025.0
008 - FIXED-LENGTH DATA ELEMENTS--GENERAL INFORMATION
fixed length control field 690707s1966 dcua b 000 0 eng c
010 ## - LIBRARY OF CONGRESS CONTROL NUMBER
LC control number agr66000279
040 ## - CATALOGING SOURCE
Original cataloging agency U.S. Nat'l Agr. Libr.
Transcribing agency DLC
Modifying agency DLC
050 00 - LIBRARY OF CONGRESS CALL NUMBER
Classification number SB205.C64
Item number G5
070 0# - NATIONAL AGRICULTURAL LIBRARY CALL NUMBER
Classification number 1 Ag84Ah no. 314
082 00 - DEWEY DECIMAL CLASSIFICATION NUMBER
Classification number 633/.32
100 1# - MAIN ENTRY--PERSONAL NAME
Personal name Gibson, Pryce B.
Fuller form of name (Pryce Byrd),
Dates associated with a name 1915-
245 00 - TITLE STATEMENT
Title White clover
Statement of responsibility, etc. [by Pryce B. Gibson and E. A. Hollowell.
260 ## - PUBLICATION, DISTRIBUTION, ETC.
Place of publication, distribution, etc. Washington]
Name of publisher, distributor, etc. Agricultural Research Service, U.S. Dept. of Agriculture
Date of publication, distribution, etc. [1966]
300 ## - PHYSICAL DESCRIPTION
Extent 33 p.
Other physical details illus.
Dimensions 26 cm.
490 1# - SERIES STATEMENT
Series statement United States. Dept. of Agriculture. Agriculture handbook ;
Volume/sequential designation no. 314
504 ## - BIBLIOGRAPHY, ETC. NOTE
Bibliography, etc. note Bibliography: p. 30-33.
650 #0 - SUBJECT ADDED ENTRY--TOPICAL TERM
Topical term or geographic name entry element White clover.
650 #3 - SUBJECT ADDED ENTRY--TOPICAL TERM
Topical term or geographic name entry element Clover, White.
700 1# - ADDED ENTRY--PERSONAL NAME
Personal name Hollowell, E. A.
Fuller form of name (Eugene Amos)
Relator term joint author.
830 #0 - SERIES ADDED ENTRY--UNIFORM TITLE
Uniform title Agriculture handbook (United States. Department of Agriculture) ;
Volume/sequential designation no. 314.

No items available.

Powered by Koha